000 00396nam a2200145Ia 4500
008 230917s9999||||xx |||||||||||||| ||und||
040 _e169813
_aMAIN
041 _aEnglish
082 _a891.432741 SP74N
100 _aसरमा, पूरन
245 0 _aन घर के न धाट के
260 _aजयपुर
_bपुनीत
_c1997
300 _a80 पृ. p.
942 _cHN
999 _c96590
_d96590